000 00575nam a2200241Ia 4500
008 210210b2008 xxu||||| |||| 00| 0 eng d
020 _a8121926297
041 _aeng
082 _a597 GUPG
100 _aGUPTA (S K)
245 _aGeneral and applied ichthyology
_bFish and fisheries
260 _aNew Delhi
_bS. Chand & Co. Ltd.
_c2008
300 _axvi,1133,P8
650 _aichthyology
650 _aGeneral
650 _afisheries
650 _aFish
650 _aapplied
650 _aand
690 _aFishes
700 _aGUPTA (P C)
906 _a063014
999 _c131495
_d131495